000 00527nam a2200169Ia 4500
008 090711s9999 xx 000 0 und d
082 _b26219
100 _aकानिटकर माधव
245 _aबीज ज्ञानेश्वरी
260 _c1972
300 _a187
600 _aकानिटकर माधव
630 _aबीज ज्ञानेश्वरी
700 _aकानिटकर माधव
730 _aबीज ज्ञानेश्वरी
942 _cBOOK
999 _c289616
_d289616